Man and his works ; the science of cultural anthropology.

Bibliographic Details
Main Author: Herskovits, Melville J. (Melville Jean), 1895-1963
Format: Book
Language:English
Published: New York : A.A. Knopf, 1948.
Edition:[1st ed.].
Subjects:

MARC

Tag First Indicator Second Indicator Subfields
LEADER 00000cam a2200000 4500
001 in00000228421
005 20151009072900.0
008 751106s1948 nyuab b 00000 eng
010 |a  48008147  
035 |a (OCoLC)01813238 
035 |9 AAZ0002AM 
040 |a DLC  |c IPU  |d TXA  |d UtOrBLW 
049 |a TXAM  |c 1 [910182]  |c 2 [158829] 
050 0 0 |a GN400  |b .H58 
082 0 |a 572 
100 1 |a Herskovits, Melville J.  |q (Melville Jean),  |d 1895-1963. 
245 1 0 |a Man and his works ;  |b the science of cultural anthropology. 
250 |a [1st ed.]. 
264 1 |a New York :  |b A.A. Knopf,  |c 1948. 
300 |a xviii, 678, xxxvii pages :  |b illustrations, maps. ;  |c 25 cm. 
336 |a text  |b txt  |2 rdacontent 
337 |a unmediated  |b n  |2 rdamedia 
338 |a volume  |b nc  |2 rdacarrier 
504 |a "Bibliographies": pages [657]-678. 
650 0 |a Primitive societies. 
650 0 |a Anthropology. 
999 |a MARS 
999 f f |s d13ee217-ae49-3b85-9ec2-0d3596ca5b12  |i b1f882b8-9c5d-3a87-a10d-c20c51035782  |t 0 
952 f f |p normal  |a Texas A&M University  |b College Station  |c Sterling C. Evans Library  |d Evans: Library Stacks  |t 0  |e GN400 .H58  |h Library of Congress classification  |i unmediated -- volume  |m A14802424508 
952 f f |p ric  |a Texas A&M University  |b Rellis Campus  |c Joint Library Facility  |d Remote Storage  |t 0  |e GN400 .H58  |h Library of Congress classification  |i unmediated -- volume  |m A14802424493 
998 f f |a GN400 .H58  |t 0  |l Evans: Library Stacks 
998 f f |a GN400 .H58  |t 0  |l Remote Storage